Villes en Provence-Alpes-Côte d'Azur (carte) - Statistiques

Statistiques générales
  • Ce quiz a été pris 341 fois
  • Le résultat moyen est 10 sur 12
Réponses sur la Carte
Les réponses sont colorées sur une échelle allant du rouge au vert en fonction du pourcentage des utilisateurs qui les ont devinées à leur premier essai. Vous pouvez retrouver ces pourcentages ci-dessous.
 
Statistiques - réponses
Population Ville % Correct
863.310 Marseille
99%
340.017 Nice
98%
73.868 Cannes
94%
171.953 Toulon
94%
142.482 Aix-en-Provence
89%
91.921 Avignon
82%
52.672 Fréjus
77%
72.999 Antibes
75%
55.588 Hyères
74%
52.548 Arles
73%
50.396 Grasse
63%
63.936 La Seyne-sur-Mer
56%
Aucun quiz correspondant
Distribution des résultats
% des personnes avec chaque résultat
Percentile par nombre de réponses
Votre historique - résultats
Vous n’avez pas pris ce quiz